Ô-Xtrây-li-a - NATO : "Đối tác tăng cường" /

保存先:
書誌詳細
第一著者: Nguyễn Nhâm.
フォーマット: 論文
言語:Vietnamese
主題:
タグ: タグ追加
タグなし, このレコードへの初めてのタグを付けませんか!
Thư viện lưu trữ: Thư viện Trường Đại học Đà Lạt
LEADER 00689nam a2200241 4500
001 DLU170179405
005 ##20170324
040 # # |a DLU  |b vie 
041 # # |a vie 
044 # # |a vn 
100 # # |a Nguyễn Nhâm. 
245 # # |a Ô-Xtrây-li-a - NATO :  |b "Đối tác tăng cường" /  |c Nguyễn Nhâm. 
653 # # |a Ô-Xtrây-li-a  
653 # # |a NATO 
773 # # |t Nghiên cứu quốc tế  |g Số 2(101), 2015, tr. 99-114 
920 # # |a Phòng Tạp chí -- Trung tâm Thông tin - Thư viện Trường Đại học Đà Lạt 
900 # # |a True 
911 # # |a Nguyễn Thị Thu Phương 
925 # # |a G 
926 # # |a A 
927 # # |a BB 
980 # # |a Thư viện Trường Đại học Đà Lạt